Campeões da Copa América [Atualizado] - Statistics

Estatísticas Gerais
  • Esse quiz foi jogado 336 vezes
    289 desde o último reset
  • A pontuação média é 12 de 15
Estatísticas das Respostas
Resposta % Correto
Argentina
99%
Brasil
99%
Chile
97%
Uruguai
97%
Colômbia
96%
Bolívia
93%
Peru
91%
Venezuela
91%
Equador
90%
Estados Unidos
89%
Paraguai
89%
México
86%
Canadá
74%
Honduras
41%
América do Sul (sem sede fixa)
11%
Nenhum quiz correspondente encontrado
Distribuição das Pontuações
Porcentagem de Pessoas com Cada Pontuação
Percentil de Números Respondidos
Sua Pontuação Histórica
Você não jogou esse quiz desde o último reset